000 00427nam a2200181Ia 4500
001 20285
005 20260306172755.0
008 260306t2018||||xx |||||||||||||| ||spa||
041 _aESP
082 _a343.1
_bL83 2018
100 _aLoewenstein, Karl
_eAUT
245 0 _aTeoría de la constitución
260 _c2018
300 _a619 páginas :
_c24 cm.
650 _aGEN
654 _aCDE
942 _cLIB
_dJUS
_fJUS
_2ddc
_n
999 _c20285
_d20285